000 01023nac a22002891u 4500
003 EG-ScBUE
005 20250305100101.0
008 250305t1974 nyua f b 001 0 eng d
020 _a0442206917
040 _aEG-ScBUE
_beng
_erda
_cEG-ScBUE
_dEG-ScBUE
082 0 4 _a530.0321
_bENC
_222
100 _a
245 0 4 _aThe encyclopedia of physics /
_cedited by Robert M. Besancon, physical sciences administrator, Air Force Materials Laboratory, Wright-Patterson Air Force Base, Ohio.
250 _aSecond edition.
264 1 _aNew York :
_bVan Nostrand Reinhold,
_c[1974]
264 4 _cc1974
300 _axv, 1067 pages :
_billustrations ;
_c26 cm
336 _2rdacontent
_atext
_btxt
337 _aunmediated
_2rdamedia
_bn
338 _avolume
_bnc
_2rdacarrier
504 _aIncludes bibliographical references and index.
650 7 _aPhysics
_xDictionaries.
_2BUEsh
655 _vReading book
700 1 _aBesançon, Robert M,
_eeditor.
942 _cNB
_2ddc
999 _c3136
_d3136